Maurice Blondel su vida, su obra

Gardado en:
Detalles Bibliográficos
Autor Principal: Lacroix, Jean (Author)
Formato: Libro
Idioma:Lingua castelá
Publicado: Madrid Taurus 1966
Series:<El >Futuro de la Verdada
Subjects:
Tags: Engadir etiqueta
Sen Etiquetas, Sexa o primeiro en etiquetar este rexistro!

MARC

LEADER 00000nam a2200000 a 4500
001 UCT7281
003 CL-VaPUC
008 970117e19660000SP |||||||||||||||||spa|d
082 0 4 |a 194  |b LAC  |2 21 
100 |a Lacroix, Jean  |e author  |9 575686 
245 1 0 |a Maurice Blondel su vida, su obra 
300 |a 166 p 
942 |c BK 
945 |d 19970117 00:00:00  |a rbrito 
260 |a Madrid  |b Taurus  |c 1966 
600 0 7 |a BLONDEL, MAURICE  |2 CL-VaPUC  |9 335836 
650 0 |a Filosofía francesa   |9 255698 
650 0 |a Crítica e interpretación   |9 255042 
651 0 |a Francia  |9 255157 
583 |a last modification  |c 19970117 00:00:00  |k Rodrigo Vera 
490 0 |a <El >Futuro de la Verdada 
999 |c 255920  |d 255918 
952 |0 0  |1 0  |4 0  |6 194_000000000000000_LAC_1966  |7 0  |8 A  |9 278410  |a BIBTEO  |b BIBTEO  |d 2019-11-19  |i 2010453  |o 194 LAC 1966  |p 2010453  |r 2025-01-17  |w 2019-11-19  |y BK  |k ICR